Hearthstone- 1/1 Minions - Statistics

General Stats
  • This quiz has been taken 7 times
    5 since last reset
  • The average score is 6 of 89
Answer Stats
Mana Expansion Class Answer % Correct
0 Classic Neutral Wisp
60%
1 Gadgetzan Hunter Alleycat
40%
2 Classic Neutral Bloodmage Thalnos
40%
2 Hall of Fame Neutral Captain's Parrot
40%
0 League of Explorers Neutral Murloc Tinyfin
40%
2 Basic Neutral Novice Engineer
40%
0 Frozen Throne Neutral Snowflipper Penguin
40%
1 Naxxramas Hunter Webspinner
40%
1 Classic Neutral Abusive Sargeant
20%
1 Classic Neutral Argent Squire
20%
1 Galakrond's Awakening Priest Cleric of Scales
20%
3 Saviors of Uldum Neutral Desert Hare
20%
8 Rastakhan's Rumble Warlock Hir'eek the Bat
20%
1 Classic Neutral Leper Gnome
20%
3 Karazhan Neutral Moroes
20%
1 Gadgetzan Neutral Patches The Pirate
20%
2 Classic Rogue Patient Assassin
20%
1 Old Gods Warlock Posessed Villager
20%
1 Old Gods Neutral Shifter Zerus
20%
1 Rise of Shadows Neutral Shimmerfly
20%
1 Basic Hunter Timber Wolf
20%
1 Classic Neutral Angry Chicken
0%
1 Karazhan Mage Babbling Book
0%
6 Gadgetzan Neutral Big-Time Racketeer
0%
2 Un'Goro Rogue Biteweed
0%
1 Descent of Dragons Rogue Bloodsail Flybooter
0%
2 Rastakhan's Rumble Rogue Bloodsail Howler
0%
3 Gadgetzan Neutral Blubber Baron
0%
1 Witchwood Priest Chameleos
0%
1 Un'Goro Priest Crystalline Oracle
0%
1 Rastakhan's Rumble Mage Daring Fire-Eater
0%
3 Descent of Dragons Warlock Dragonblight Cultist
0%
1 Frozen Throne Neutral Dreadscale Knight
0%
4 Grand Tournament Warlock Dreadsteed
0%
2 Kobolds and Catacombs Paladin Drygulch Jailor
0%
1 Basic Neutral Elven Archer
0%
2 Rise of Shadows Neutral EVIL Cable Rat
0%
2 Goblins & Gnomes Neutral Explosive Sheep
0%
4 Old Gods Neutral Faceless Shambler
0%
2 Boomsday Project Neutral Faithful Lumi
0%
1 Kobolds and Catacombs Neutral Feral Gibberer
0%
2 Un'Goro Shaman Fire Plume Harbinger
0%
1 Old Gods Druid Forbidden Ancient
0%
5 Rastakhan's Rumble Neutral Former Champ
0%
5 Kobolds and Catacombs Neutral Furbolg Mossbinder
0%
2 Gadgetzan Grimy Goons Grimestreet Informant
0%
2 Gadgetzan Paladin Grimestreet Outfitter
0%
1 Basic Neutral Grimscale Oracle
0%
1 Rastakhan's Rumble Neutral Gurubashi Chicken
0%
1 Rastakhan's Rumble Neutral Helpless Hatchling
0%
2 Gadgetzan Rogue Jade Swarmer
0%
1 Saviors of Uldum Neutral Jar Dealer
0%
1 Un'Goro Hunter Jeweled Macaw
0%
2 League of Explorers Neutral Jeweled Scarab
0%
2 Karazhan Hunter Kindly Grandmother
0%
2 Kobolds and Catacombs Shaman Kobold Hermit
0%
2 Witchwood Neutral Lost Spirit
0%
7 Kobolds and Catacombs Paladin Lynessa Sunsorrow
0%
1 Boomsday Project Neutral Mecharoo
0%
1 Saviors of Uldum Neutral Mogu Cultist
0%
2 Kobolds and Catacombs Shaman Murmuring Elemental
0%
1 Saviors of Uldum Neutral Murmy
0%
1 Old Gods Warrior N'Zoth's First Mate
0%
1 Boomsday Project Rogue Pogo Hopper
0%
1 Rise of Shadows Neutral Potion Vendor
0%
1 League of Explorers Warlock Reliquarry Seeker
0%
1 Frozen Throne Paladin Righteous Protector
0%
1 Frozen Throne Warlock Sanguine Revealer
0%
3 Gadgetzan Neutral Sargeant Sally
0%
3 Kobolds and Catacombs Neutral Sewer Crawler
0%
2 Descent of Dragons Druid Shrubadier
0%
1 Boomsday Project Neutral Skaterbot
0%
1 Gadgetzan Neutral Small Time Buccaneer
0%
1 Rastakhan's Rumble Hunter Springpaw
0%
3 Kobolds and Catacombs Neutral Stoneskin Basilisk
0%
1 Basic Neutral Stonetusk Boar
0%
1 Karazhan Rogue Swashburgler
0%
2 Frozen Throne Neutral Tainted Zealot
0%
1 Old Gods Neutral Tentacle of N'Zoth
0%
4 Old Gods Neutral Twilight Summoner
0%
1 Descent of Dragons Mage Violet Spellwing
0%
2 Un'Goro Neutral Volatile Elemental
0%
3 Witchwood Neutral Voodoo Doll
0%
1 Gadgetzan Neutral Weasel Tunneler
0%
4 Frozen Throne Neutral Wicked Skeleton
0%
1 Witchwood Warlock Witchwood Imp
0%
1 Frozen Throne Neutral Wretched Tiller
0%
1 Classic Neutral Young Dragonhawk
0%
1 Old Gods Neutral Zealous Initiate
0%
No matching quizzes found
Score Distribution
Percent of People with Each Score
Percentile by Number Answered
Your Score History
You have not taken this quiz since the last reset